|
|
|
|
| LEADER |
00870cam a2200241 7i4500 |
| 001 |
0000081783 |
| 005 |
20240306090000.0 |
| 020 |
|
|
|a 9780367680299 (paperback)
|
| 090 |
0 |
0 |
|a P90
|b .T87 2023
|
| 100 |
1 |
|
|a Turow, Joseph
|
| 245 |
1 |
0 |
|a Media today :
|b mass communication in a coverging world
|c Joseph Turow.
|
| 250 |
|
|
|a Eighth edition.
|
| 264 |
|
|
|a New York, NY:
|b Routledge,
|c 2023.
|
| 300 |
|
|
|a xxiii, 507 pages:
|b colour illustrations;
|c 28 cm.
|
| 336 |
|
|
|a text
|2 rdacontent
|
| 337 |
|
|
|a unmediated
|2 rdamedia
|
| 338 |
|
|
|a volume
|2 rdacarrier
|
| 650 |
|
0 |
|a Mass media
|
| 997 |
|
|
|a Communication, Visual Art & Computing, Faculty
|b Communication, Department
|
| 997 |
|
|
|a Centre for Graduate Studies
|
| 998 |
|
|
|a Strategic Communication and Digital Design, Master
|
| 998 |
|
|
|a Media & Communication, Diploma
|
| 999 |
|
|
|a 0000071178
|b BOK
|c OPEN SHELF
|e 1st Floor, Shah Alam
|